000 00551nam a2200217Ia 4500
003 OSt
005 20230607081852.0
008 210423s2011 xx 000 0 und d
040 _cAL
041 _aeng
082 _a323
_223
_bTRIC
100 _aTRIPATHI (Madhusoodan)
_9120769
245 _aConsumer rights
260 _aNew Delhi
_bOmega Publication
_c2011
300 _a1,223
365 _b695
_cINR
650 _aCivil & Political Rights
_9120770
650 _aPolitical Science
_9120771
906 _aConsumer ; rights
942 _2ddc
_cBK
999 _c176021
_d176021